LDR 00684naa#a2200157#i#450# 001 EN\\bibl\126598 005 20260705085139.7 011 ## _a2222-7962 100 ## _a20260628b2026####ek#y0engy0150####ca 102 ## _aRU 200 1# _aDynamics of the formation of the structure and the relationship of the main indicators of pine (Pinus sylvestris L.) forest crops in the felling of a berry pine forest in the Middle Urals _eJournal article 210 1# _aVoronezh _cFSBE Institution of Higher Education Voronezh State University of Forestry and Technologies named after G.F. Morozov _d2026 215 ## _a16 с. 608 ## _aJournal article _2local 700 #1 _aErmakova _gMariya Viktorovna 856 4# _anaukaru.ru _u